000 00485nam a2200169Ia 4500
003 GCL
008 140319s9999 xx 000 0 eng d
040 _aGCL /
_cGCL
082 0 4 _a658.4
_bB Q
100 1 _aBROCKA, BRUCE
245 1 0 _aQUALITY MANAGEMENT, IMPLEMENTING THE BEST IDEAS OF THE MASTERS /
_cBROCKA, BRUCE
700 1 _aBROCKE, M. SUZANNE
260 _a[S.N] :
_bRICHAOD . IRWIN, INC ،
_c1992
300 _a408 P
650 0 4 _aTOTAL QUALITY MANAGEMENT
942 _2ddc
_cBK
999 _c19740
_d19740